|
|
|
|
| LEADER |
01193nab#a2200385#ar4500 |
| 001 |
000090201 |
| 003 |
SVKKK |
| 005 |
20080626105052.0 |
| 008 |
080509c2008 xo |||||||||||||||b|eng |
| FMT |
|
|
|
| 015 |
|
|
|a SNBRB2008/06
|
| 038 |
|
|
|a SVKKK
|
| 040 |
|
|
|a SVKKK
|b slo
|e AACR2
|
| 041 |
0 |
|
|a eng
|b eng
|
| 044 |
|
|
|a ne
|c NL
|
| 080 |
|
|
|a 550.348.435
|2 1997
|
| 080 |
|
|
|a 550.370
|2 1997
|
| 100 |
1 |
|
|a Marescot, Laurent
|4 aut
|
| 242 |
1 |
0 |
|a Merania resistivity a vyvolanej polarizácie pre štúdium nestability svahov vo švajčiarskych Alpách
|
| 245 |
1 |
0 |
|a Resistivity and induced polarization surveys for slope instability studies in the Swiss Alps
|c Laurent Marescot, Régis Monnet, Dominique Chapellier
|
| 300 |
|
|
|b Obr., tab.
|
| 504 |
|
|
|a Bibliogr. odkazy
|
| 546 |
|
|
|a Res. angl.
|
| 650 |
0 |
4 |
|a nestabilita svahov
|x vyvolaná polarizácia
|x geoelektrické výskumy
|z Alpy (Švajčiarsko)
|
| 700 |
1 |
|
|a Monnet, Régis
|4 aut
|
| 700 |
1 |
|
|a Chapellier, Dominique
|4 aut
|
| 773 |
0 |
|
|t Engineering geology
|g Roč. 98, č. 1-2 (2008), s. 18-28
|x 0013-7952
|
| 958 |
|
|
|a NB
|
| 958 |
|
|
|a CH
|
| 974 |
|
|
|a Ni
|
| 992 |
|
|
|a RBX
|
| BAS |
|
|
|
| 852 |
|
|
|a SVKKK
|b BIB
|
| EXP |
|
|
|
| 998 |
|
|
|a GEO
|